00406pab a2200133 454500008004000000100002000040245012000060260000900180300001500189362000800204650002100212700001900233773002000252180718b2014 xxu||||| |||| 00| 0 eng d aWesselink, Anna aPathways to impact in local government: the mini-stern review as evidence in policy making in the Leeds city region c2014 ap.403-424. aDec aLocal government aGouldson, Andy aPolicy Sciences